| 000 | 00953nam a2200205 4500 | ||
|---|---|---|---|
| 008 | 260627s2004 mx ||||gr|||| 001 0 spa d | ||
| 020 | _a970 - 18 - 9079 - 5 | ||
| 040 | _bspa | ||
| 041 | _aspa | ||
| 240 | _aAPUNTES PARA UNA CONFERENCIA SOBRE LA LITERATURA JUVENIL | ||
| 245 |
_aAPUNTES PARA UNA CONFERENCIA SOBRE LA LITERATURA JUVENIL _bLA LITERATURA JUVENIL PARA UN LECTOR AUDIOVISUAL |
||
| 260 |
_aMÉXICO _bCONSEJO NACIONAL PARA LA CULTURA Y LAS ARTES _c2004 |
||
| 300 |
_a46 _c21 cm x 13.5 cm |
||
| 336 |
_2rdacontent _atexto _btxt |
||
| 337 |
_2rdamedia _asin mediación _bn |
||
| 338 |
_2rdacarrier _avolumen _bnc |
||
| 505 | _aReflexiones complementarias: Farias defiende la centralidad del lector y la imaginación en la literatura juvenil, mientras Lluch analiza cómo los jóvenes actuales leen con un estilo narrativo influido por lo audiovisual. | ||
| 650 |
_aCIENCIAS SOCIALES _vEDUCACIÓN _xEDUCACIÓN PRIMARIA |
||
| 942 |
_2ddc _cGENERAL |
||
| 999 |
_c68698 _d68698 |
||